[Event "MCR druzstev mladsich zaku 2015"]
[Site "Hradec Kralove"]
[Date "2015.06.13"]
[Round "5.9"]
[White "Zejdlik (Polabiny \"A\"), Erik"]
[Black "Zeman (Policka), Daniel"]
[Result "0-1"]
[BlackElo "1574"]
[WhiteElo "1493"]
[LiveChessVersion "1.4.4"]

1. d4 {[%clk 0:25:17]} Nf6 {[%clk 0:25:18]} 2. Nf3 {[%clk 0:25:25]} d6
{[%clk 0:25:26]} 3. Bf4 {[%clk 0:25:27]} g6 {[%clk 0:25:34]} 4. c3
{[%clk 0:25:31]} Bg7 {[%clk 0:25:41]} 5. e3 {[%clk 0:25:39]} O-O {[%clk 0:25:47]}
6. Bd3 {[%clk 0:25:47]} Nbd7 {[%clk 0:25:47]} 7. O-O {[%clk 0:25:43]} Nh5
{[%clk 0:25:16]} 8. Bg3 {[%clk 0:25:50]} Nxg3 {[%clk 0:25:24]} 9. hxg3
{[%clk 0:25:58]} c5 {[%clk 0:24:47]} 10. Nbd2 {[%clk 0:24:51]} a6
{[%clk 0:24:38]} 11. a4 {[%clk 0:24:52]} b6 {[%clk 0:24:27]} 12. Qe2
{[%clk 0:22:44]} Bb7 {[%clk 0:23:50]} 13. e4 {[%clk 0:22:40]} Qc7
{[%clk 0:23:21]} 14. d5 {[%clk 0:21:59]} e6 {[%clk 0:18:40]} 15. dxe6
{[%clk 0:19:17]} fxe6 {[%clk 0:18:48]} 16. Rac1 {[%clk 0:17:25]} Qc6
{[%clk 0:11:14]} 17. b3 {[%clk 0:17:02]} d5 {[%clk 0:10:34]} 18. Rfe1
{[%clk 0:14:30]} Rfe8 {[%clk 0:05:45]} 19. Qf1 {[%clk 0:10:08]} a5
{[%clk 0:04:45]} 20. Bb5 {[%clk 0:08:11]} Qd6 {[%clk 0:04:17]} 21. e5
{[%clk 0:06:24]} Qc7 {[%clk 0:04:02]} 22. Bxd7 {[%clk 0:05:12]} Qxd7
{[%clk 0:04:04]} 23. Qd3 {[%clk 0:03:37]} Bh6 {[%clk 0:02:43]} 24. g4
{[%clk 0:02:58]} Ba6 {[%clk 0:02:37]} 25. Qc2 {[%clk 0:03:00]} Rf8
{[%clk 0:02:32]} 26. g5 {[%clk 0:03:04]} Bg7 {[%clk 0:02:41]} 27. Rcd1
{[%clk 0:02:30]} Rf7 {[%clk 0:02:31]} 28. Ne4 {[%clk 0:01:59]} Qc7
{[%clk 0:01:33]} 29. Nf6+ {[%clk 0:01:46]} Kh8 {[%clk 0:01:25]} 30. Nh4
{[%clk 0:01:01]} Raf8 {[%clk 0:00:54]} 31. Nxg6+ {[%clk 0:00:22]} hxg6 32. Qxg6
{[%clk 0:00:28]} Bxf6 {[%clk 0:01:11]} 33. Qh6+ {[%clk 0:00:30]} Kg8
{[%clk 0:01:20]} 34. gxf6 {[%clk 0:00:37]} Rh7 {[%clk 0:01:15]} 35. Qg6+
{[%clk 0:00:37]} Kh8 {[%clk 0:01:25]} 36. Re3 {[%clk 0:00:28]} Qf7
{[%clk 0:01:25]} 37. Qxf7 {[%clk 0:00:32]} Rfxf7 {[%clk 0:01:34]} 38. Rg3
{[%clk 0:00:29]} Rh6 {[%clk 0:01:07]} 39. f4 {[%clk 0:00:13]} Bc8
{[%clk 0:01:06]} 40. Kf2 {[%clk 0:00:18]} Kh7 {[%clk 0:01:14]} 41. Rg5
{[%clk 0:00:21]} Rg6 {[%clk 0:01:11]} 42. Rd3 {[%clk 0:00:17]} Rxg5
{[%clk 0:01:20]} 43. fxg5 {[%clk 0:00:26]} Kg6 {[%clk 0:01:25]} 44. Rg3
{[%clk 0:00:35]} Bd7 {[%clk 0:01:24]} 45. Kf3 {[%clk 0:00:43]} Be8
{[%clk 0:01:27]} 46. Kf4 {[%clk 0:00:52]} Rh7 {[%clk 0:01:31]} 47. Rh3
{[%clk 0:01:00]} Rxh3 {[%clk 0:01:30]} 48. gxh3 {[%clk 0:01:09]} Kh5
{[%clk 0:01:25]} 49. g6 {[%clk 0:00:47]} Bxg6 {[%clk 0:01:21]} 50. Kf3
{[%clk 0:00:53]} Bf7 {[%clk 0:01:26]} 51. Kf4 {[%clk 0:01:02]} Bg6
{[%clk 0:01:35]} 52. Kf3 {[%clk 0:01:11]} Kg5 {[%clk 0:01:42]} 53. Kg3
{[%clk 0:01:18]} Bf7 {[%clk 0:01:47]} 54. h4+ {[%clk 0:01:24]} Kf5
{[%clk 0:01:54]} 55. Kf3 {[%clk 0:01:31]} Bh5+ {[%clk 0:01:57]} 56. Kg3
{[%clk 0:01:39]} Kxe5 {[%clk 0:01:57]} 57. f7 {[%clk 0:01:46]} Bxf7
{[%clk 0:02:07]} 58. Kg4 {[%clk 0:01:55]} Kf6 {[%clk 0:02:14]} 59. h5
{[%clk 0:02:05]} Bg8 {[%clk 0:02:20]} 60. Kf4 {[%clk 0:02:11]} Bh7
{[%clk 0:02:28]} 61. Kg4 {[%clk 0:02:19]} e5 {[%clk 0:02:34]} 62. h6
{[%clk 0:02:25]} Kg6 {[%clk 0:02:39]} 0-1

[Event "MCR druzstev mladsich zaku 2015"]
[Site "Hradec Kralove"]
[Date "2015.06.13"]
[Round "5.10"]
[White "Svanda (Policka), Adam"]
[Black "Brazda (Polabiny \"A\"), Vit"]
[Result "1/2-1/2"]
[BlackElo "1419"]
[WhiteElo "1595"]
[LiveChessVersion "1.4.4"]

1. c4 {[%clk 0:25:17]} e6 {[%clk 0:25:18]} 2. Nc3 {[%clk 0:25:25]} Nf6
{[%clk 0:25:24]} 3. g3 {[%clk 0:25:34]} Be7 {[%clk 0:25:25]} 4. Bg2
{[%clk 0:25:43]} c6 {[%clk 0:25:22]} 5. Nf3 {[%clk 0:25:49]} d5 {[%clk 0:25:24]}
6. cxd5 {[%clk 0:25:56]} exd5 {[%clk 0:25:29]} 7. d4 {[%clk 0:25:52]} O-O
{[%clk 0:25:22]} 8. O-O {[%clk 0:25:59]} Re8 {[%clk 0:25:25]} 9. a3
{[%clk 0:24:37]} Nbd7 {[%clk 0:25:23]} 10. b4 {[%clk 0:24:30]} a6
{[%clk 0:25:14]} 11. Bb2 {[%clk 0:24:24]} Nf8 {[%clk 0:25:18]} 12. Na4
{[%clk 0:24:11]} b6 {[%clk 0:24:35]} 13. Rc1 {[%clk 0:24:01]} Bb7
{[%clk 0:24:32]} 14. Ne5 {[%clk 0:23:52]} Rc8 {[%clk 0:23:44]} 15. Rc2
{[%clk 0:22:45]} Bd6 {[%clk 0:23:22]} 16. e3 {[%clk 0:19:44]} Bxe5
{[%clk 0:22:59]} 17. dxe5 {[%clk 0:19:53]} N6d7 {[%clk 0:23:02]} 18. f4
{[%clk 0:19:49]} b5 {[%clk 0:19:28]} 19. Nc5 {[%clk 0:19:53]} Nxc5
{[%clk 0:19:34]} 20. Rxc5 {[%clk 0:19:57]} Ne6 {[%clk 0:19:29]} 21. Rc1
{[%clk 0:19:59]} Qb6 {[%clk 0:17:55]} 22. Qd2 {[%clk 0:19:37]} c5
{[%clk 0:17:23]} 23. Bxd5 {[%clk 0:19:19]} cxb4 {[%clk 0:16:05]} 24. Bxb7
{[%clk 0:19:20]} Rxc1 {[%clk 0:16:03]} 25. Rxc1 {[%clk 0:19:22]} Qxb7
{[%clk 0:15:57]} 26. axb4 {[%clk 0:19:12]} Rd8 {[%clk 0:15:19]} 27. Qc2
{[%clk 0:19:08]} h6 {[%clk 0:15:02]} 28. Qb1 {[%clk 0:16:45]} Nc7
{[%clk 0:13:50]} 29. Rd1 {[%clk 0:16:30]} Rxd1+ {[%clk 0:13:33]} 30. Qxd1
{[%clk 0:16:36]} Nd5 {[%clk 0:13:41]} 31. Qf3 {[%clk 0:16:27]} Qc6
{[%clk 0:13:31]} 32. Qg2 {[%clk 0:15:44]} Nxb4 {[%clk 0:13:19]} 33. Qxc6
{[%clk 0:15:48]} Nxc6 {[%clk 0:13:28]} 34. Kf2 {[%clk 0:15:57]} Kf8
{[%clk 0:13:34]} 35. Ke2 {[%clk 0:16:06]} Ke7 {[%clk 0:13:42]} 36. Kd3
{[%clk 0:16:15]} a5 {[%clk 0:13:41]} 37. f5 {[%clk 0:16:00]} g6 {[%clk 0:12:53]}
38. g4 {[%clk 0:15:25]} g5 {[%clk 0:12:50]} 39. Ke4 {[%clk 0:15:16]} b4
{[%clk 0:12:48]} 40. Kd5 {[%clk 0:15:21]} Nd8 {[%clk 0:12:48]} 41. Kc5
{[%clk 0:15:25]} Kd7 {[%clk 0:12:50]} 42. Kb5 {[%clk 0:15:24]} Nc6
{[%clk 0:12:59]} 43. e6+ {[%clk 0:15:33]} fxe6 {[%clk 0:12:57]} 44. f6
{[%clk 0:15:23]} Na7+ {[%clk 0:12:20]} 45. Kxa5 {[%clk 0:15:25]} Nc8
{[%clk 0:12:27]} 46. Kxb4 {[%clk 0:15:32]} Nd6 {[%clk 0:12:34]} 47. Be5
{[%clk 0:14:59]} Ne4 {[%clk 0:12:28]} 48. Bd4 {[%clk 0:13:28]} Ke8
{[%clk 0:12:22]} 49. h3 {[%clk 0:11:31]} Kf7 {[%clk 0:12:28]} 50. Kc4
{[%clk 0:11:15]} Nf2 {[%clk 0:12:24]} 51. e4 {[%clk 0:10:34]} Nxe4
{[%clk 0:11:58]} 52. Kd3 {[%clk 0:10:26]} Nxf6 {[%clk 0:12:06]} 53. Ke3
{[%clk 0:08:27]} Nd5+ 54. Kf3 {[%clk 0:08:16]} Nf4 {[%clk 0:11:51]} 55. Kg3
{[%clk 0:08:25]} Ng6 {[%clk 0:11:40]} 56. Bc5 {[%clk 0:08:03]} e5
{[%clk 0:11:39]} 57. Kf3 {[%clk 0:07:52]} Nf4 {[%clk 0:11:22]} 58. Kg3
{[%clk 0:07:39]} e4 {[%clk 0:11:22]} 59. Be3 {[%clk 0:07:34]} Ke6
{[%clk 0:10:45]} 60. Bxf4 {[%clk 0:07:39]} gxf4+ {[%clk 0:10:50]} 61. Kxf4
{[%clk 0:07:47]} Kd5 {[%clk 0:10:59]} 62. Ke3 {[%clk 0:07:56]} Ke5
{[%clk 0:11:08]} 63. h4 {[%clk 0:08:05]} Kd5 {[%clk 0:11:13]} 64. g5
{[%clk 0:08:14]} hxg5 {[%clk 0:11:13]} 65. hxg5 {[%clk 0:08:22]} Ke5
{[%clk 0:11:22]} 66. g6 {[%clk 0:08:27]} Kf6 {[%clk 0:11:31]} 67. Kxe4
{[%clk 0:08:33]} Kxg6 {[%clk 0:11:40]} 68. Kd4 1/2-1/2

[Event "MCR druzstev mladsich zaku 2015"]
[Site "Hradec Kralove"]
[Date "2015.06.13"]
[Round "5.11"]
[White "Stocek (Polabiny \"A\"), Martin"]
[Black "Malkova (Policka), Barbora"]
[Result "1-0"]
[BlackElo "1350"]
[WhiteElo "1439"]
[LiveChessVersion "1.4.4"]

1. e4 {[%clk 0:25:16]} c5 {[%clk 0:25:19]} 2. Nf3 {[%clk 0:25:21]} Nc6
{[%clk 0:25:27]} 3. d4 {[%clk 0:25:28]} e6 {[%clk 0:25:36]} 4. Nc3
{[%clk 0:25:30]} b6 {[%clk 0:25:41]} 5. Be3 {[%clk 0:25:21]} d6 {[%clk 0:25:44]}
6. Qd2 {[%clk 0:25:26]} Bb7 {[%clk 0:25:45]} 7. Bb5 {[%clk 0:25:26]} Qd7
{[%clk 0:25:53]} 8. d5 {[%clk 0:25:26]} O-O-O {[%clk 0:25:25]} 9. dxc6
{[%clk 0:25:32]} Bxc6 {[%clk 0:25:33]} 10. Ba6+ {[%clk 0:25:30]} Kb8
{[%clk 0:25:42]} 11. Qe2 {[%clk 0:25:18]} g6 {[%clk 0:25:26]} 12. Bb5
{[%clk 0:25:21]} Bg7 {[%clk 0:25:24]} 13. Bxc6 {[%clk 0:25:15]} Qxc6
{[%clk 0:25:22]} 14. Bd2 {[%clk 0:25:15]} Ne7 {[%clk 0:25:22]} 15. O-O
{[%clk 0:25:17]} d5 {[%clk 0:25:19]} 16. exd5 {[%clk 0:25:22]} Nxd5
{[%clk 0:25:10]} 17. Nxd5 {[%clk 0:25:26]} Qxd5 {[%clk 0:25:16]} 18. Bc3
{[%clk 0:25:22]} f6 {[%clk 0:25:16]} 19. Qd1 {[%clk 0:25:21]} Qf5
{[%clk 0:25:12]} 20. Qe2 {[%clk 0:25:12]} g5 {[%clk 0:25:19]} 21. Rad1
{[%clk 0:25:16]} g4 {[%clk 0:25:14]} 22. Ne1 {[%clk 0:24:41]} h5 {[%clk 0:25:20]}
23. Nd3 {[%clk 0:24:03]} h4 {[%clk 0:25:20]} 24. Rde1 {[%clk 0:23:35]} Rhe8
{[%clk 0:25:05]} 25. Qe4 {[%clk 0:23:05]} Qg5 {[%clk 0:24:49]} 26. Qf4+
{[%clk 0:22:57]} Ka8 {[%clk 0:24:31]} 27. Qxg5 {[%clk 0:22:57]} fxg5
{[%clk 0:24:36]} 28. Bxg7 {[%clk 0:23:00]} h3 {[%clk 0:24:27]} 29. g3
{[%clk 0:23:03]} Rg8 {[%clk 0:24:09]} 30. Bc3 {[%clk 0:22:35]} c4
{[%clk 0:23:35]} 31. Ne5 {[%clk 0:22:36]} Rc8 {[%clk 0:23:12]} 32. Nxg4
{[%clk 0:22:35]} Rc6 {[%clk 0:23:05]} 33. Nf6 {[%clk 0:22:30]} Rf8
{[%clk 0:22:42]} 34. Re2 {[%clk 0:22:17]} Rd6 {[%clk 0:22:27]} 35. Bb4
{[%clk 0:21:58]} Rxf6 {[%clk 0:22:08]} 36. Bxd6 {[%clk 0:22:03]} g4
{[%clk 0:21:55]} 37. Rfe1 {[%clk 0:22:08]} Rf5 {[%clk 0:21:39]} 38. Bf4
{[%clk 0:22:09]} Rd5 {[%clk 0:21:38]} 39. Rxe6 {[%clk 0:21:42]} Ra5
{[%clk 0:21:14]} 40. a3 {[%clk 0:21:25]} c3 {[%clk 0:20:49]} 41. bxc3
{[%clk 0:21:09]} Rxa3 {[%clk 0:20:53]} 42. Re8+ {[%clk 0:20:57]} Kb7
{[%clk 0:21:00]} 43. R1e7+ {[%clk 0:21:04]} Ka6 {[%clk 0:21:06]} 44. c4
{[%clk 0:20:49]} Rc3 {[%clk 0:21:05]} 45. Ra8 {[%clk 0:20:29]} Rxc4
{[%clk 0:21:01]} 46. Raxa7+ {[%clk 0:20:15]} Kb5 {[%clk 0:21:02]} 47. Re5+
{[%clk 0:20:19]} Kc6 {[%clk 0:21:01]} 48. Rg5 {[%clk 0:19:55]} Rxc2
{[%clk 0:21:00]} 49. Rc7# {[%clk 0:19:29]} 1-0

[Event "MCR druzstev mladsich zaku 2015"]
[Site "Hradec Kralove"]
[Date "2015.06.13"]
[Round "5.12"]
[White "Duriancik (Policka), Michal"]
[Black "Pilna (Polabiny \"A\"), Jitka"]
[Result "1-0"]
[BlackElo "1153"]
[WhiteElo "1282"]
[LiveChessVersion "1.4.4"]

1. e4 {[%clk 0:25:17]} e5 {[%clk 0:25:19]} 2. Nf3 {[%clk 0:25:26]} Nc6
{[%clk 0:25:23]} 3. Nc3 {[%clk 0:25:32]} Nf6 {[%clk 0:25:30]} 4. Bb5
{[%clk 0:25:39]} Bb4 {[%clk 0:25:09]} 5. O-O {[%clk 0:25:36]} Bxc3
{[%clk 0:25:17]} 6. bxc3 {[%clk 0:25:35]} Nxe4 {[%clk 0:25:14]} 7. Re1
{[%clk 0:25:24]} Nf6 {[%clk 0:25:21]} 8. Nxe5 {[%clk 0:25:28]} O-O
{[%clk 0:25:16]} 9. Nxc6 {[%clk 0:25:31]} dxc6 {[%clk 0:25:13]} 10. Ba4
{[%clk 0:25:32]} Bg4 {[%clk 0:24:35]} 11. f3 {[%clk 0:25:26]} Be6
{[%clk 0:24:12]} 12. d4 {[%clk 0:24:42]} Nd5 {[%clk 0:22:53]} 13. Qd3
{[%clk 0:23:00]} Qh4 {[%clk 0:21:53]} 14. Bd2 {[%clk 0:21:49]} Rfe8
{[%clk 0:19:58]} 15. Bb3 {[%clk 0:19:33]} h6 {[%clk 0:18:22]} 16. Qe4
{[%clk 0:18:12]} Qxe4 {[%clk 0:18:28]} 17. fxe4 {[%clk 0:18:07]} Nf6
{[%clk 0:18:16]} 18. Bxe6 {[%clk 0:18:10]} Rxe6 {[%clk 0:18:20]} 19. e5
{[%clk 0:17:34]} Nd5 {[%clk 0:17:52]} 20. Rab1 {[%clk 0:16:14]} b5
{[%clk 0:17:39]} 21. Rf1 {[%clk 0:06:02]} Rd8 {[%clk 0:17:08]} 22. Rf3
{[%clk 0:05:31]} f6 {[%clk 0:16:08]} 23. exf6 {[%clk 0:05:28]} Rxf6
{[%clk 0:16:12]} 24. Rxf6 {[%clk 0:05:36]} Nxf6 {[%clk 0:16:20]} 25. Re1
{[%clk 0:05:08]} c5 {[%clk 0:16:16]} 26. Be3 {[%clk 0:04:46]} cxd4
{[%clk 0:16:06]} 27. cxd4 {[%clk 0:04:32]} Re8 {[%clk 0:15:50]} 28. Bf2
{[%clk 0:03:43]} Rxe1+ {[%clk 0:15:46]} 29. Bxe1 {[%clk 0:03:51]} Nd5
{[%clk 0:15:47]} 30. Kf2 {[%clk 0:03:31]} b4 {[%clk 0:15:40]} 31. Kf3 Nc3
{[%clk 0:15:12]} 32. Bxc3 {[%clk 0:03:26]} bxc3 33. Ke3 {[%clk 0:03:20]} Kf7
{[%clk 0:15:30]} 34. Kd3 {[%clk 0:03:29]} Ke6 {[%clk 0:15:39]} 35. Kxc3
{[%clk 0:03:38]} Kd5 {[%clk 0:15:49]} 36. Kd3 {[%clk 0:03:40]} a5
{[%clk 0:15:55]} 37. c4+ {[%clk 0:03:46]} Kd6 {[%clk 0:16:02]} 38. Ke4
{[%clk 0:03:55]} g6 {[%clk 0:15:51]} 39. a4 {[%clk 0:03:48]} c5 {[%clk 0:15:53]}
40. d5 {[%clk 0:03:46]} h5 {[%clk 0:15:32]} 41. g3 {[%clk 0:03:47]} g5
{[%clk 0:15:35]} 42. h4 {[%clk 0:03:49]} g4 {[%clk 0:15:24]} 43. Kf5
{[%clk 0:03:52]} Ke7 {[%clk 0:15:29]} 44. Kg5 {[%clk 0:04:00]} Kd6
{[%clk 0:15:36]} 45. Kxh5 {[%clk 0:04:08]} Ke5 {[%clk 0:15:45]} 46. Kg5
{[%clk 0:04:11]} Kd4 {[%clk 0:15:53]} 47. h5 {[%clk 0:04:20]} Kxc4
{[%clk 0:16:01]} 48. h6 {[%clk 0:04:30]} Kb4 {[%clk 0:16:10]} 49. h7
{[%clk 0:04:37]} c4 {[%clk 0:16:18]} 50. h8=Q {[%clk 0:04:45]} c3
{[%clk 0:16:26]} 51. Qd4+ {[%clk 0:04:47]} Kb3 {[%clk 0:16:34]} 52. Qe3
{[%clk 0:04:38]} Kb2 {[%clk 0:16:27]} 53. d6 {[%clk 0:04:44]} c2 {[%clk 0:16:29]}
54. d7 {[%clk 0:04:53]} c1=Q {[%clk 0:16:37]} 55. Qxc1+ {[%clk 0:05:00]} Kxc1
{[%clk 0:16:46]} 56. d8=Q {[%clk 0:05:07]} Kb2 {[%clk 0:16:52]} 57. Qd3
{[%clk 0:05:12]} Ka1 {[%clk 0:16:54]} 58. Qe2 {[%clk 0:05:18]} Kb1
{[%clk 0:17:02]} 59. Kf4 {[%clk 0:05:26]} Kc1 {[%clk 0:17:10]} 60. Ke3
{[%clk 0:05:34]} Kb1 {[%clk 0:17:18]} 61. Kd3 {[%clk 0:05:42]} Ka1
{[%clk 0:17:27]} 62. Kc3 {[%clk 0:05:49]} Kb1 {[%clk 0:17:34]} 63. Qb2#
{[%clk 0:05:47]} 1-0

[Event "MCR druzstev mladsich zaku 2015"]
[Site "Hradec Kralove"]
[Date "2015.06.13"]
[Round "5.13"]
[White "Koubova (ERA), Anna Marie"]
[Black "Koci (Loko Brno), Tomas"]
[Result "1-0"]
[BlackElo "1340"]
[WhiteElo "1623"]
[LiveChessVersion "1.4.4"]

1. d4 {[%clk 0:25:18]} f5 {[%clk 0:25:07]} 2. Nf3 {[%clk 0:24:38]} g6
{[%clk 0:24:56]} 3. c4 {[%clk 0:24:32]} d6 {[%clk 0:24:31]} 4. g3
{[%clk 0:23:19]} Nf6 {[%clk 0:24:28]} 5. Bg2 {[%clk 0:23:07]} Bg7
{[%clk 0:23:37]} 6. O-O {[%clk 0:23:11]} O-O {[%clk 0:22:09]} 7. Nc3
{[%clk 0:22:37]} Be6 {[%clk 0:20:54]} 8. b3 {[%clk 0:22:20]} Bf7 {[%clk 0:20:40]}
9. Bb2 {[%clk 0:22:21]} c6 {[%clk 0:19:48]} 10. Nd2 {[%clk 0:21:51]} Nbd7
{[%clk 0:19:08]} 11. e4 {[%clk 0:21:31]} e6 {[%clk 0:18:16]} 12. Ba3
{[%clk 0:20:16]} c5 {[%clk 0:16:48]} 13. dxc5 {[%clk 0:17:30]} dxc5
{[%clk 0:16:03]} 14. e5 {[%clk 0:16:42]} Nxe5 {[%clk 0:15:37]} 15. Bxc5
{[%clk 0:16:47]} Re8 {[%clk 0:15:05]} 16. Bxb7 {[%clk 0:13:04]} Rb8
{[%clk 0:14:29]} 17. Bg2 {[%clk 0:13:09]} Nd3 {[%clk 0:13:06]} 18. Ba3
{[%clk 0:13:11]} Nd7 {[%clk 0:11:36]} 19. Qc2 {[%clk 0:13:04]} Qa5
{[%clk 0:07:33]} 20. Qxd3 {[%clk 0:03:44]} Bxc3 {[%clk 0:07:14]} 21. Rad1
{[%clk 0:03:40]} Ne5 {[%clk 0:04:01]} 22. Qe3 {[%clk 0:02:47]} Red8
{[%clk 0:02:17]} 23. Nb1 {[%clk 0:02:45]} Ba1 {[%clk 0:00:51]} 24. Bd6
{[%clk 0:02:00]} Ng4 {[%clk 0:00:42]} 25. Qe2 {[%clk 0:01:47]} Rbc8
{[%clk 0:00:14]} 26. Bb7 {[%clk 0:01:42]} Nh6 {[%clk 0:00:19]} 27. Bxc8
{[%clk 0:01:47]} Rxc8 {[%clk 0:00:29]} 28. Bf4 {[%clk 0:01:37]} Bg7
{[%clk 0:00:32]} 29. Qd2 {[%clk 0:01:36]} Ng4 {[%clk 0:00:34]} 30. Qxa5
{[%clk 0:01:41]} 1-0

[Event "MCR druzstev mladsich zaku 2015"]
[Site "Hradec Kralove"]
[Date "2015.06.13"]
[Round "5.14"]
[White "Glozar (Loko Brno), Petr"]
[Black "Hrbek (ERA), Stepan"]
[Result "1/2-1/2"]
[BlackElo "1452"]
[WhiteElo "1522"]
[LiveChessVersion "1.4.4"]

1. e4 {[%clk 0:25:15]} e5 {[%clk 0:25:17]} 2. Nf3 {[%clk 0:25:22]} Nc6
{[%clk 0:25:25]} 3. Bb5 {[%clk 0:25:29]} Bc5 {[%clk 0:25:28]} 4. O-O
{[%clk 0:25:09]} d6 {[%clk 0:25:16]} 5. d3 {[%clk 0:24:55]} Nf6 {[%clk 0:24:44]}
6. Nc3 {[%clk 0:24:25]} h6 {[%clk 0:24:14]} 7. Be3 {[%clk 0:24:15]} Bb6
{[%clk 0:24:17]} 8. d4 {[%clk 0:23:10]} exd4 {[%clk 0:22:11]} 9. Bxd4
{[%clk 0:22:57]} Bxd4 {[%clk 0:21:19]} 10. Nxd4 {[%clk 0:22:54]} Bd7
{[%clk 0:21:18]} 11. Bxc6 {[%clk 0:22:21]} bxc6 {[%clk 0:21:17]} 12. e5 dxe5
{[%clk 0:19:34]} 13. Re1 {[%clk 0:19:41]} O-O {[%clk 0:17:02]} 14. Rxe5
{[%clk 0:18:34]} Qb8 {[%clk 0:13:08]} 15. b3 {[%clk 0:16:02]} Qb4
{[%clk 0:11:21]} 16. Qd3 {[%clk 0:13:12]} c5 {[%clk 0:08:54]} 17. Nf5
{[%clk 0:10:12]} Bxf5 {[%clk 0:08:28]} 18. Rxf5 {[%clk 0:09:49]} Rad8
{[%clk 0:06:57]} 19. Qg3 {[%clk 0:08:39]} Kh7 {[%clk 0:06:35]} 20. a3
{[%clk 0:07:50]} Qd4 {[%clk 0:05:56]} 21. h3 {[%clk 0:07:12]} Ne4
{[%clk 0:05:16]} 22. Nxe4 {[%clk 0:05:42]} Qxa1+ {[%clk 0:05:20]} 23. Kh2
{[%clk 0:05:49]} Qe1 {[%clk 0:02:55]} 24. Qh4 {[%clk 0:03:34]} Rd4
{[%clk 0:02:04]} 25. Nf6+ {[%clk 0:00:25]} gxf6 {[%clk 0:01:46]} 26. Qh5
{[%clk 0:00:25]} Rd6 {[%clk 0:01:12]} 27. g4 {[%clk 0:00:24]} Rd2
{[%clk 0:00:23]} 28. Kg2 {[%clk 0:00:14]} Qe4+ {[%clk 0:00:27]} 29. Kh2
{[%clk 0:00:17]} Qe1 {[%clk 0:00:26]} 30. Kg2 {[%clk 0:00:19]} Qe4+
{[%clk 0:00:30]} 31. Kh2 {[%clk 0:00:27]} Qe1 {[%clk 0:00:30]} 32. Kg2
{[%clk 0:00:33]} 1/2-1/2

[Event "MCR druzstev mladsich zaku 2015"]
[Site "Hradec Kralove"]
[Date "2015.06.13"]
[Round "5.15"]
[White "Rousek (ERA), Jan"]
[Black "Kures (Loko Brno), Michael"]
[Result "1/2-1/2"]
[BlackElo "1533"]
[WhiteElo "1461"]
[LiveChessVersion "1.4.4"]

1. d4 {[%clk 0:25:18]} d5 {[%clk 0:25:17]} 2. Nf3 {[%clk 0:25:26]} Nc6
{[%clk 0:25:19]} 3. g3 {[%clk 0:25:32]} e6 {[%clk 0:25:18]} 4. Bg2
{[%clk 0:25:21]} Nge7 {[%clk 0:25:24]} 5. O-O {[%clk 0:25:01]} g6
{[%clk 0:25:28]} 6. Bg5 {[%clk 0:24:12]} Bg7 {[%clk 0:25:26]} 7. Bxe7
{[%clk 0:23:28]} Qxe7 {[%clk 0:25:29]} 8. c4 {[%clk 0:22:31]} dxc4
{[%clk 0:25:12]} 9. Na3 {[%clk 0:21:45]} c3 {[%clk 0:25:07]} 10. Nc4
{[%clk 0:19:41]} cxb2 {[%clk 0:24:40]} 11. Nxb2 {[%clk 0:19:36]} O-O
{[%clk 0:24:42]} 12. Rb1 {[%clk 0:17:59]} Rd8 {[%clk 0:24:43]} 13. e3
{[%clk 0:17:29]} e5 {[%clk 0:24:26]} 14. Re1 {[%clk 0:16:43]} exd4
{[%clk 0:23:51]} 15. exd4 {[%clk 0:16:34]} Be6 {[%clk 0:23:49]} 16. Na4
{[%clk 0:13:24]} Nxd4 {[%clk 0:20:25]} 17. Nxd4 {[%clk 0:13:15]} Bxd4
{[%clk 0:20:30]} 18. Qc2 {[%clk 0:12:09]} Bf5 {[%clk 0:18:49]} 19. Be4
{[%clk 0:09:51]} Bxe4 {[%clk 0:18:23]} 20. Rxe4 {[%clk 0:09:43]} Qd6
{[%clk 0:11:58]} 21. Rxb7 {[%clk 0:07:08]} Bb6 {[%clk 0:11:36]} 22. Nxb6
{[%clk 0:06:29]} axb6 {[%clk 0:11:30]} 23. Qxc7 {[%clk 0:05:17]} Qxc7
{[%clk 0:11:18]} 24. Rxc7 {[%clk 0:05:25]} Rxa2 {[%clk 0:11:23]} 25. Ree7
{[%clk 0:05:02]} Rf8 {[%clk 0:11:27]} 26. Rb7 {[%clk 0:04:53]} Rb2
{[%clk 0:11:03]} 27. Rec7 {[%clk 0:04:41]} Rb1+ {[%clk 0:10:50]} 28. Kg2
{[%clk 0:04:49]} Kg7 {[%clk 0:10:53]} 29. Rc6 {[%clk 0:04:49]} h6
{[%clk 0:10:49]} 30. Rbxb6 {[%clk 0:04:32]} Rxb6 {[%clk 0:10:53]} 31. Rxb6
{[%clk 0:04:41]} g5 {[%clk 0:10:57]} 32. f4 {[%clk 0:04:24]} f5 {[%clk 0:10:03]}
33. Kh3 {[%clk 0:04:00]} gxf4 {[%clk 0:09:53]} 34. gxf4 {[%clk 0:04:09]} Re8
{[%clk 0:09:45]} 35. Kh4 {[%clk 0:04:05]} Re4 {[%clk 0:09:48]} 36. Kh5
{[%clk 0:03:42]} Rxf4 {[%clk 0:09:21]} 37. Rxh6 {[%clk 0:03:46]} Rh4+
{[%clk 0:09:29]} 38. Kxh4 {[%clk 0:03:54]} Kxh6 {[%clk 0:09:36]} 39. Kg3
{[%clk 0:04:00]} Kh5 {[%clk 0:09:29]} 40. Kf3 {[%clk 0:03:27]} Kh4
{[%clk 0:09:31]} 41. Kg2 {[%clk 0:03:08]} f4 {[%clk 0:09:36]} 42. h3
{[%clk 0:03:04]} f3+ {[%clk 0:09:38]} 43. Kxf3 {[%clk 0:03:12]} Kxh3 1/2-1/2

[Event "MCR druzstev mladsich zaku 2015"]
[Site "Hradec Kralove"]
[Date "2015.06.13"]
[Round "5.16"]
[White "Volak (Loko Brno), Simon"]
[Black "Husa (ERA), Daniel"]
[Result "1-0"]
[BlackElo "1494"]
[WhiteElo "1475"]
[LiveChessVersion "1.4.4"]

1. e4 {[%clk 0:25:19]} e5 {[%clk 0:25:18]} 2. Nf3 {[%clk 0:25:27]} Nc6
{[%clk 0:25:27]} 3. Bc4 {[%clk 0:25:36]} Bc5 {[%clk 0:25:34]} 4. O-O
{[%clk 0:25:28]} Nf6 {[%clk 0:25:35]} 5. Nc3 {[%clk 0:25:35]} d6 {[%clk 0:25:41]}
6. a3 {[%clk 0:23:58]} a5 {[%clk 0:25:21]} 7. Ne2 {[%clk 0:23:29]} Bg4
{[%clk 0:25:03]} 8. Ng5 {[%clk 0:21:26]} O-O {[%clk 0:23:40]} 9. Qe1
{[%clk 0:19:43]} h6 {[%clk 0:22:52]} 10. Nxf7 {[%clk 0:19:06]} Rxf7
{[%clk 0:22:28]} 11. Bxf7+ {[%clk 0:19:08]} Kxf7 {[%clk 0:22:35]} 12. d3
{[%clk 0:19:05]} Be6 {[%clk 0:22:06]} 13. Kh1 {[%clk 0:19:09]} Kg8
{[%clk 0:21:24]} 14. f4 {[%clk 0:19:08]} exf4 {[%clk 0:20:41]} 15. Bxf4
{[%clk 0:19:02]} Bb6 {[%clk 0:20:26]} 16. Nc3 {[%clk 0:16:00]} Nd4
{[%clk 0:20:23]} 17. Qd2 {[%clk 0:15:51]} Qd7 {[%clk 0:19:31]} 18. Bxh6
{[%clk 0:15:02]} gxh6 {[%clk 0:19:17]} 19. Rxf6 {[%clk 0:14:53]} Qg7
{[%clk 0:17:51]} 20. Raf1 {[%clk 0:13:26]} Kh7 {[%clk 0:15:16]} 21. Nd5
{[%clk 0:12:20]} Bxd5 {[%clk 0:14:59]} 22. exd5 {[%clk 0:12:26]} Kg8
{[%clk 0:13:54]} 23. c3 Nb3 {[%clk 0:12:53]} 24. Qe2 {[%clk 0:09:58]} Nc5
{[%clk 0:12:20]} 25. d4 {[%clk 0:09:49]} Nb3 {[%clk 0:11:13]} 26. Qe6+
{[%clk 0:09:47]} Kh8 {[%clk 0:09:58]} 27. Rxh6+ {[%clk 0:09:54]} Qxh6
{[%clk 0:09:23]} 28. Qxh6+ {[%clk 0:09:58]} Kg8 {[%clk 0:09:31]} 29. Qg6+
{[%clk 0:09:43]} Kh8 {[%clk 0:09:38]} 30. Rf7 {[%clk 0:09:49]} Re8
{[%clk 0:09:33]} 31. Qh7# 1-0